Chronická onemocnění léčba změní /

Hlavní autor: Janáčková, Laura, 1966-
Další autoři: Macejová, Želmíra, Šimaljaková, Mária, Kužela, Ladislav, 1968-
Jazyk: Čeština
Vydáno: Praha : Mladá fronta a.s., 2019
Vydání: První vydání
Edice: Medical services
Témata:
Fyzický popis: 101 stran : barevné ilustrace ; 21 cm
Knihy
Uloženo v:
LEADER 02310nam a2200637 i 4500
001 nkc20193147743
003 CZ PrNK
005 20191202113946.0
007 ta
008 191014s2019 xr a e f 000 0 cze
015 |a cnb003147743 
020 |a 978-80-204-5491-1  |q (vázáno) 
035 |a (OCoLC)1130263381 
040 |a BOA001  |b cze  |e rda 
072 7 |a 616  |x Patologie. Klinická medicína  |2 Konspekt  |9 14 
080 |a 616-036.1  |2 MRF 
080 |a 616-092.19-008.6  |2 MRF 
080 |a 616-084  |2 MRF 
080 |a 616-08  |2 MRF 
080 |a 615.8-022.214  |2 MRF 
080 |a 613  |2 MRF 
080 |a (0.062)  |2 MRF 
100 1 |a Janáčková, Laura,  |d 1966-  |7 mzk2007390650  |4 aut 
245 1 0 |a Chronická onemocnění léčba změní /  |c Laura Janáčková, Želmíra Macejová, Mária Šimaljaková, Ladislav Kužela 
250 |a První vydání 
264 1 |a Praha :  |b Mladá fronta a.s.,  |c 2019 
300 |a 101 stran :  |b barevné ilustrace ;  |c 21 cm 
336 |a text  |b txt  |2 rdacontent 
337 |a bez média  |b n  |2 rdamedia 
338 |a svazek  |b nc  |2 rdacarrier 
490 1 |a Medical services 
504 |a Obsahuje bibliografii 
650 0 7 |a chronické nemoci  |7 ph134824  |2 czenas 
650 0 7 |a autoimunitní nemoci  |7 ph114098  |2 czenas 
650 0 7 |a prevence onemocnění  |7 ph137258  |2 czenas 
650 0 7 |a terapie  |7 ph116435  |2 czenas 
650 0 7 |a autoterapie  |7 ph221954  |2 czenas 
650 0 7 |a životospráva  |7 ph128035  |2 czenas 
650 0 9 |a chronic diseases  |2 eczenas 
650 0 9 |a autoimmune diseases  |2 eczenas 
650 0 9 |a prevention of diseases  |2 eczenas 
650 0 9 |a therapy  |2 eczenas 
650 0 9 |a autotherapy  |2 eczenas 
650 0 9 |a health behavior  |2 eczenas 
655 7 |a populárně-naučné publikace  |7 fd131864  |2 czenas 
655 9 |a popular works  |2 eczenas 
700 1 |a Macejová, Želmíra  |7 xx0060592  |4 aut 
700 1 |a Šimaljaková, Mária  |7 mzk2008448516  |4 aut 
700 1 |a Kužela, Ladislav,  |d 1968-  |7 jo2007399966  |4 aut 
830 0 |a Medical services  |0 s 
910 2 |a BOA001  |b 2-1434.395 
990 |a BK 
995 |a 01 
991 |b 201910  |c NOV 
996 6 |b 2610799575  |c 2-1434.395  |l MZK  |r Sklad / do 1 hodiny  |n 6  |p p.v.  |w 001760986  |u 000010  |a 1  |e BOA001  |j MZK50  |s P 
996 7 |b 2610808354  |c 2-1434.395  |l MZK  |r Sklad / do 1 hodiny  |n 2  |p kup  |w 001760986  |u 000020  |a 1  |e BOA001  |j MZK50  |s A